| 000 | 00338nam a2200133Ia 4500 | ||
|---|---|---|---|
| 008 | 231129s1971||||xx |||||||||||||| ||spa|| | ||
| 040 | _bspa | ||
| 082 | _aE862.3 V422n | ||
| 100 | _aVega y Carpio Felix Lope de | ||
| 245 | 0 | _aEl nuevo mundo descubierto por Cristobal Colon | |
| 260 | _c1971 | ||
| 264 | _aColcultura | ||
| 942 |
_2ddc _cBKS |
||
| 999 |
_c11885 _d11885 |
||